[Event "Philadelphia National op 34th"]
[Site "Philadelphia"]
[Date "2003.11.30"]
[Round "5"]
[White "Lymar, Vladimir"]
[Black "Sarkar, Justin"]
[Result "0-1"]
[WhiteElo "2282"]
[BlackElo "2369"]
[PlyCount "82"]
[EventDate "2003.11.28"]
[EventType "swiss"]
[EventRounds "6"]
[EventCountry "USA"]
[SourceTitle "CBM 097 Extra"]
[Source "ChessBase"]
[SourceDate "2004.01.13"]
[SourceVersion "1"]
[SourceVersionDate "2004.01.13"]
[SourceQuality "1"]

1. d4 Nf6 2. Nf3 c5 3. d5 g6 4. Nc3 d6 5. e4 a6 6. h3 Bg7 7. Bf4 0-0 8. a4 Nbd7 9. Be2 Ne8 10. 0-0 Nc7 11. Qd2 Rb8 12. Bh6 b5 13. Bxg7 Kxg7 14. b3 b4 15. Nd1 Nf6 16. Bd3 e6 17. dxe6 Nxe6 18. Ne3 Bb7 19. e5 dxe5 20. Nxe5 Ne4 21. Qc1 Nd4 22. Re1 Re8 23. N3g4 Ng5 24. Qf4 f6 25. Nd7 Ndf3+ 26. Kf1 Nxe1 27. Rxe1 Rxe1+ 28. Kxe1 Qe7+ 29. Kf1 Re8 30. Kg1 Rd8 31. Nxc5 Bf3 32. Qxb4 a5 33. Qxa5 Rd5 34. b4 Qe1+ 35. Kh2 Bxg4 36. hxg4 Qxf2 37. Qc7+ Kh6 38. Qg3 Qd4 39. Na6 Re5 40. b5 Re3 41. Qh4+ Kg7 0-1

[Event "Philadelphia National op 34th"]
[Site "Philadelphia"]
[Date "2003.11.28"]
[Round "2"]
[White "Shabalov, Alexander"]
[Black "Lymar, Vladimir"]
[Result "1/2-1/2"]
[WhiteElo "2597"]
[BlackElo "2282"]
[PlyCount "80"]
[EventDate "2003.11.28"]
[EventType "swiss"]
[EventRounds "6"]
[EventCountry "USA"]
[SourceTitle "CBM 097 Extra"]
[Source "ChessBase"]
[SourceDate "2004.01.13"]
[SourceVersion "1"]
[SourceVersionDate "2004.01.13"]
[SourceQuality "1"]

1. e4 c5 2. Nf3 e6 3. d4 cxd4 4. Nxd4 a6 5. c4 d6 6. Nc3 b6 7. Be2 Bb7 8. f4 Nd7 9. Bf3 Rc8 10. 0-0 Rxc4 11. Be3 Be7 12. Qe2 Rc8 13. Rad1 Qc7 14. g4 h6 15. h4 g5 16. Rc1 Qb8 17. Nd5 Rxc1 18. Rxc1 exd5 19. exd5 gxf4 20. Bxf4 Ne5 21. Nf5 Kf8 22. Bg2 Bc8 23. Rc3 Bxf5 24. gxf5 Nf6 25. Qd2 Kg7 26. Rg3+ Kh7 27. Bxh6 Rg8 28. Bg5 Qc8 29. Qe2 Rg7 30. Kh1 Qc4 31. Qxc4 Nxc4 32. Rc3 Ne5 33. Rc7 Bd8 34. Rc8 Rg8 35. Rxd8 Rxd8 36. Bxf6 Rd7 37. Kg1 b5 38. b3 Rc7 39. Be4 Rc1+ 40. Kg2 Re1 1/2-1/2

[Event "USA-chT Amateur East"]
[Site "Parsippany"]
[Date "2003.02.15"]
[Round "2"]
[White "Zaremba, Andrie"]
[Black "Lymar, Vladimir"]
[Result "1/2-1/2"]
[WhiteElo "2343"]
[BlackElo "2285"]
[PlyCount "74"]
[EventDate "2003.02.15"]
[EventType "team"]
[EventRounds "6"]
[EventCountry "USA"]
[SourceTitle "EXT 2004"]
[Source "ChessBase"]
[SourceDate "2003.11.25"]
[SourceVersion "1"]
[SourceVersionDate "2003.11.25"]
[SourceQuality "1"]

1. d4 Nf6 2. Nf3 g6 3. g3 Bg7 4. Bg2 0-0 5. 0-0 d6 6. c4 c6 7. Nc3 Qa5 8. h3 Be6 9. Qd3 Qa6 10. Nd2 d5 11. b3 Rd8 12. Bb2 Nbd7 13. Rfd1 dxc4 14. Nxc4 Nb6 15. Nxb6 axb6 16. e4 Qxd3 17. Rxd3 b5 18. Rd2 Ne8 19. Ne2 Nc7 20. Nf4 Bd7 21. a3 Ne6 22. Ne2 Be8 23. Rad1 f5 24. e5 Nc7 25. d5 Bh6 26. f4 Nxd5 27. Bxd5+ Rxd5 28. Rxd5 cxd5 29. Rxd5 Rc8 30. Nd4 Bf8 31. e6 Bg7 32. Kf2 Bc6 33. Rc5 Bxd4+ 34. Bxd4 Rd8 35. Ke3 Rd6 36. Re5 Bd5 37. Bc5 Rxe6 1/2-1/2

[Event "World op 30th"]
[Site "Philadelphia"]
[Date "2002.07.06"]
[Round "8"]
[White "Lymar, Vladimir"]
[Black "Zugic, Igor"]
[Result "1/2-1/2"]
[WhiteElo "2290"]
[BlackElo "2450"]
[PlyCount "63"]
[EventDate "2002.06.29"]
[EventType "swiss"]
[EventRounds "9"]
[EventCountry "USA"]
[SourceTitle "CBM 089 Extra"]
[Source "ChessBase"]
[SourceDate "2002.09.10"]
[SourceVersion "2"]
[SourceVersionDate "2002.09.10"]
[SourceQuality "1"]

1. d4 Nf6 2. Nf3 g6 3. c4 Bg7 4. g3 0-0 5. Bg2 d5 6. 0-0 dxc4 7. Na3 c6 8. Nxc4 Be6 9. Nce5 Bd5 10. Re1 Na6 11. Bf4 Nc7 12. Be3 Ne6 13. Bh3 Qa5 14. Qd2 Qxd2 15. Bxd2 Rfd8 16. Bxe6 Bxe6 17. e4 Nd7 18. Bc3 Nxe5 19. Nxe5 Bxe5 20. dxe5 Rd3 21. Red1 Rad8 22. Rxd3 Rxd3 23. a3 Kf8 24. f4 Ke8 25. Kf2 c5 26. Re1 b6 27. Re3 Rd7 28. Re2 Bc4 29. Rd2 Bd3 30. Ke3 c4 31. g4 Kd8 32. f5 1/2-1/2

[Event "Decin op-A"]
[Site "Decin"]
[Date "1998.??.??"]
[Round "7"]
[White "Karlovich, Anastazia"]
[Black "Lymar, Vladimir"]
[Result "1-0"]
[WhiteElo "2165"]
[BlackElo "2295"]
[PlyCount "71"]
[EventDate "1998.08.??"]
[EventType "swiss"]
[EventRounds "10"]
[EventCountry "CZE"]
[SourceTitle "EXT 2000"]
[Source "ChessBase"]
[SourceDate "1999.11.16"]
[SourceVersion "1"]
[SourceVersionDate "1999.11.16"]
[SourceQuality "1"]

1. e4 d6 2. d4 Nd7 3. Nc3 e5 4. Nf3 Be7 5. Bc4 c6 6. 0-0 h6 7. dxe5 dxe5 8. Ne2 Ngf6 9. Ng3 g6 10. a4 Qc7 11. Bd2 Kf8 12. h4 Nc5 13. Qc1 Ng4 14. b4 Be6 15. Be2 Nd7 16. h5 Kg7 17. Bc3 Kh7 18. Qb2 Rhg8 19. Rad1 Bf6 20. Nd2 Bh4 21. hxg6+ fxg6 22. Nh1 Rgf8 23. Nc4 Rae8 24. a5 Re7 25. Nd6 h5 26. Rd3 Bd5 27. exd5 Qxd6 28. dxc6 Qxc6 29. Rh3 g5 30. b5 Qe6 31. Bb4 Ref7 32. Bxf8 Rxf8 33. Qb3 Qd6 34. Qd3+ Qxd3 35. cxd3 Kh6 36. g3 1-0

[Event "Ceske Budejovice op"]
[Site "Ceske Budejovice"]
[Date "1998.??.??"]
[Round "?"]
[White "Kucera, Petr"]
[Black "Lymar, Vladimir"]
[Result "1/2-1/2"]
[WhiteElo "2380"]
[BlackElo "2295"]
[PlyCount "34"]
[EventDate "1998.08.??"]
[EventType "swiss"]
[EventRounds "9"]
[EventCountry "CZE"]
[SourceTitle "EXT 2000"]
[Source "ChessBase"]
[SourceDate "1999.11.16"]
[SourceVersion "1"]
[SourceVersionDate "1999.11.16"]
[SourceQuality "1"]

1. e4 c5 2. Nf3 e6 3. g3 b6 4. Bg2 Bb7 5. d3 g6 6. 0-0 Bg7 7. Nc3 Nc6 8. Nh4 Nge7 9. f4 f5 10. exf5 exf5 11. Nd5 0-0 12. Re1 Re8 13. c3 Na5 14. Nxe7+ Rxe7 15. Bxb7 Rxe1+ 16. Qxe1 Nxb7 17. Nf3 Qf8 1/2-1/2

[Event "Decin op-A"]
[Site "Decin"]
[Date "1998.??.??"]
[Round "4"]
[White "Stets, Dmitry"]
[Black "Lymar, Vladimir"]
[Result "1/2-1/2"]
[WhiteElo "2430"]
[BlackElo "2295"]
[PlyCount "92"]
[EventDate "1998.08.??"]
[EventType "swiss"]
[EventRounds "10"]
[EventCountry "CZE"]
[SourceTitle "EXT 2000"]
[Source "ChessBase"]
[SourceDate "1999.11.16"]
[SourceVersion "1"]
[SourceVersionDate "1999.11.16"]
[SourceQuality "1"]

1. e4 c5 2. Nf3 e6 3. d4 cxd4 4. Nxd4 Nc6 5. Nc3 Qc7 6. Be3 a6 7. Bd3 b5 8. 0-0 Bb7 9. Qe2 Nf6 10. f4 Bc5 11. Nxc6 Bxe3+ 12. Qxe3 Qxc6 13. Qg3 0-0 14. e5 Ne8 15. f5 f6 16. Qh3 exf5 17. Bxf5 g6 18. Bxd7 Qc5+ 19. Kh1 f5 20. Rad1 Kh8 21. Rfe1 f4 22. Bg4 Ng7 23. Bf3 Ra7 24. Ne4 Bxe4 25. Bxe4 Nh5 26. Qf3 Re7 27. Rd5 Qb4 28. Qc3 Qxc3 29. bxc3 Rfe8 30. Bf3 Nf6 31. Rd6 Rxe5 32. Rxe5 Rxe5 33. Kg1 Ne4 34. Rxa6 Nxc3 35. a3 Kg7 36. Kf2 g5 37. Rc6 Nb1 38. Ra6 Nd2 39. a4 bxa4 40. Rxa4 Nxf3 41. Kxf3 Kg6 42. Ra6+ Kf5 43. g4+ fxg3 44. hxg3 Rc5 45. g4+ Ke5 46. Ra3 Rxc2 1/2-1/2